Adapting Migration Policy to Labor Market Needs: Socio-Economic Challenges in the Slovak Republic

Štúdia skúma sociálno-ekonomické výzvy migračnej politiky v Slovenskej republike prostredníctvom analýzy rozdielov v účasti na trhu práce medzi prisťahovalcami a domácimi.

Saved in:
Bibliographic Details
Main Author: Rahmat, Najib Rahman, 1993-
Format: Book Chapter
Language:English
Subjects:
Tags: Add Tag
No Tags, Be the first to tag this record!

MARC

LEADER 00000naa a2200000 4500
001 0308780
005 20250606070431.3
041 0 |a eng 
044 |a TH 
245 1 0 |a Adapting Migration Policy to Labor Market Needs: Socio-Economic Challenges in the Slovak Republic  |c Najib Rahman Rahmat 
520 |a Štúdia skúma sociálno-ekonomické výzvy migračnej politiky v Slovenskej republike prostredníctvom analýzy rozdielov v účasti na trhu práce medzi prisťahovalcami a domácimi. 
610 2 0 |a trh práce 
610 2 0 |a politika migračná 
610 2 0 |a vzdelanie 
610 2 0 |a analýzy 
610 2 0 |a ekonomika 
610 2 0 |a Slovensko 
610 2 0 |a Európska únia 
100 1 |a Rahmat, Najib Rahman, 1993-